1433 1323 1281 1004 1376 1608 1936 1392 1151 1458 1803 1911 1098 1532 1068 1180 1078 1538 1119 1582 1329 1822 1784 1448 1147 1359 1028 1273 1160 1024 1142 1730 1708 1580 1810 1322 1351 1403 1358 1069 1759 1455 1699 1915 1535 1087 1143 1898 1085 1679 1639 1034 1145 1124 1290 1008 1623 1836 1192 1180 1689 1404 1085 1685 1780 1067 1365 1409 1540 1013 1729 1880 1486 1674 1465 1406 1121 1988 1112 1379 1035 1311 1548 1911 1254 1919 1947 1334 1514 1112 1862 1133 1329 1191 1793 1335 1016 1229 1366 BCNSPRNW ULIB Ver.6.0+V

เปลี่ยนเป็นภาษาไทย

Change to English
 แสดงรายละเอียดบรรณานุกรม
  กลับหน้าหลัก

Brief Record : Get Marc (ISO 2709) : E-mail record : QR code < ปิดหน้าต่าง
LEADER : 00000nam 2200000uu 4500
001    13399126745
003     ULIB
008    020711s2019 th a 000 0 eng d
020    ^a9780071754422
060    ^aWM141^bE15C
100    ^aEbert, Michael H.
245    ^aCurrent Diagnosis & Treatment Psychiatry
250    ^a3rd ed
260    ^aNew York :^bMcGraw-Hill,^c2019
300    ^a817 pages;^c26 cm
650    ^aMental Disorders^xdiagnosis
650    ^aMental Disorders^xtherapy
650    ^aPsychotherapy^xmethods
945    ^p2477^l0^i005411
945    ^p2477^l0^i007040
945    ^p2477^l0^i008522
999    ^aประนอม เกษจรัล
รายการนี้ยังไม่มีแท็ก
คุณยังไม่ได้ล็อกอิน คุณสามารถมีกิจกรรมร่วมกับเว็บไซต์ได้ แต่ต้องล็อกอินก่อน ::
  ล็อกอิน

รายการสื่อสารสนเทศ

ลำดับที่ ประเภท เลขเรียก/บาร์โค้ด สถานที่ สถานะ
1. วิทยาศาสตร์การแพทย์ และสุขภาพ
หนังสือสำรอง
สถานะ=หนังสือสำรอง
WM141 E15C ฉ.1 
  Barcode: 005411
ห้องสมุดวิทยาเขตสวรรค์ประชารักษ์
►หนังสือทั่วไป
ถูกยืม กำหนดส่งวันที่ 1 มีนาคม 2569
  จอง
2. วิทยาศาสตร์การแพทย์ และสุขภาพ
วิทยาศาสตร์การแพทย์ และสุขภาพ
WM141 E15C ฉ.2 
  Barcode: 007040
ห้องสมุดวิทยาเขตนครสวรรค์
►นวนิยาย:l:Fiction
บนชั้น
3. วิทยาศาสตร์การแพทย์ และสุขภาพ
วิทยาศาสตร์การแพทย์ และสุขภาพ
WM141 E15C ฉ.3 
  Barcode: 008522
ห้องสมุดวิทยาเขตสวรรค์ประชารักษ์
►หนังสือทั่วไป
บนชั้น

รายการใกล้เคียง
    ชื่อเรื่อง [Current Diagnosis & Treatment Psychiatry]

    ผู้แต่ง [Ebert, Michael H.]

BibComment


ยังไม่เคยถูกคอมเมนท์

คอมเมนท์ทรัพยากรรายการนี้
  คอมเมนท์: Current Diagnosi..


 Copyright 2026. Bcnsprnw @Library